Tears for Pakistan; restoring the dream that has gone sour (Record no. 324245)
[ view plain ]
| 000 -LEADER | |
|---|---|
| fixed length control field | 00427 a2200133 4500 |
| 001 - CONTROL NUMBER | |
| control field | 89172 |
| 082 ## - DEWEY DECIMAL CLASSIFICATION NUMBER | |
| Classification number | 954.91 IQB |
| 090 ## - LOCALLY ASSIGNED LC-TYPE CALL NUMBER (OCLC); LOCAL CALL NUMBER (RLIN) | |
| -- | 42121 |
| -- | 42121 |
| 100 ## - MAIN ENTRY--PERSONAL NAME | |
| Personal name | Iqbal Syed Hussain, Dr |
| 245 ## - TITLE STATEMENT | |
| Title | Tears for Pakistan; restoring the dream that has gone sour |
| Remainder of title | The beauty that weeps in scom; the dream that has gone sour |
| 260 ## - PUBLICATION, DISTRIBUTION, ETC. | |
| Place of publication, distribution, etc. | Lahore |
| Name of publisher, distributor, etc. | Humanity International |
| Date of publication, distribution, etc. | 2012 |
| 300 ## - PHYSICAL DESCRIPTION | |
| Extent | 536 p. |
| Other physical details | Pb |
| 740 ## - ADDED ENTRY--UNCONTROLLED RELATED/ANALYTICAL TITLE | |
| Uncontrolled related/analytical title | national paralysis |
| 942 ## - ADDED ENTRY ELEMENTS (KOHA) | |
| Institution code [OBSOLETE] | CAE NUST |
| Call number prefix | 954.91 IQB |
| Withdrawn status | Lost status | Damaged status | Not for loan | Collection code | Permanent Location | Current Location | Date acquired | Total Checkouts | Full call number | Barcode | Date last seen | Price effective from | Koha item type |
|---|---|---|---|---|---|---|---|---|---|---|---|---|---|
| College of Aeronautical Engineering (CAE) | College of Aeronautical Engineering (CAE) | 04/03/2017 | 954.91 IQB | CAE86051 | 04/05/2017 | 04/05/2017 | Book |
